| 000 | 00620 a2200181 4500 | ||
|---|---|---|---|
| 999 |
_c7975 _d7975 |
||
| 010 | _aENG-88276 | ||
| 020 |
_a8174875174 _c450.00 |
||
| 035 | _aEN-71809 | ||
| 037 | _bDBAD / PUB | ||
| 082 | 1 | 4 | _a363.96 |
| 100 | 1 | _aArvind Kumar Singh | |
| 245 | 1 |
_aPopulation growth, modernization and environmental degradation/ _cby Arvind Kumar Singh |
|
| 260 |
_aNew Delhi _bRadha Publications _c2007 |
||
| 270 |
_a423/1, Ansari Road, Daryaganj _bNew Delhi _e110 002 _k011-23254306 |
||
| 300 |
_axix, 162 p. _c21cm (Hb) _bfig. |
||
| 500 | _aIncludes bibliographical refrences | ||
| 942 |
_adpl _cEN _2ddc _h363.96 _mARV |
||